The ancient Near East : an anthology of texts and pictures /
محفوظ في:
المؤلف الرئيسي:
التنسيق: كتاب
اللغة: English
منشور في:
Princeton, N.J. :
Princeton University Press,
1958-1975.
الموضوعات:
الوسوم: إضافة وسم
لا توجد وسوم, كن أول من يضع وسما على هذه التسجيلة!
رقم الطلب: BS1180 .P82 v.1-2
| LEADER | 01192namaa2200277 4500 | ||
|---|---|---|---|
| 001 | 11993 | ||
| 003 | OSt | ||
| 005 | 20250312080617.0 | ||
| 008 | 770324m19581975njua 00000 eng | ||
| 020 | |a 0691002096 (v. 2) | ||
| 040 | |c ARCE Library | ||
| 043 | |a aw----- | ||
| 050 | 4 | |a BS1180 .P82 v.1-2 | |
| 100 | 1 | |a Pritchard, James B. |q (James Bennett), |d 1909-1997, |e author | |
| 245 | 1 | 4 | |a The ancient Near East : |b an anthology of texts and pictures / |c edited by James B. Pritchard. |
| 264 | 1 | |a Princeton, N.J. : |b Princeton University Press, |c 1958-1975. | |
| 300 | |a 2 volumes : |b illustrations ; |c 23 cm. | ||
| 500 | |a Vol. 2 has subtitle: A new anthology of texts and pictures. | ||
| 500 | |a Combined selections from, and condensation of, the editor's Ancient Near Eastern texts relating to the Old Testament, 2d ed., 1955, and The ancient Near East in pictures relating to the Old Testament, 1954. | ||
| 630 | 0 | 0 | |a Bible. |p Old Testament |x Antiquities. |
| 630 | 0 | 0 | |a Bible. |p Old Testament |x History of contemporary events. |
| 650 | 0 | |a Oriental literature |x Translations into English. | |
| 650 | 0 | |a English literature |x Translations. | |
| 901 | |a reviewed | ||
| 942 | |c BK |2 lcc | ||
| 999 | |c 12262 |d 12262 | ||
